[Event "DVM U20w 2024"]
[Site "Sebnitz GER"]
[Date "2024.12.29"]
[Round "6"]
[White "Zöllner, Bente"]
[Black "Evering, Enna"]
[Result "1-0"]
[Termination "normal"]
[Board "1.2"]
[WhiteElo "1805"]
[BlackElo "1771"]
[WhiteTeam "SK Lehrte von 1919 e. V."]
[BlackTeam "Elmshorner SC 1896"]
[PlyCount "135"]
[WhiteFideId "16230523"]
[BlackFideId "16218213"]
[EventCountry "GER"]
[EventRounds "7"]
[EventType "team-swiss"]
[EventDate "2024.12.26"]

1. d4 Nf6 2. Nf3 g6 3. c4 Bg7 4. Nc3 d5 5. cxd5 Nxd5 6. e4 Nxc3 7. bxc3 c5 8.
Be3 Qa5 9. Qd2 Nc6 10. Bc4 cxd4 11. cxd4 Qxd2+ 12. Kxd2 Bg4 13. Bb5 O-O 14.
Bxc6 bxc6 15. Ne5 Bxe5 16. dxe5 Be6 17. Rhc1 Rfc8 18. Rc3 Rc7 19. a4 Rb8 20. a5
Rb5 21. Bc5 f6 22. exf6 exf6 23. Ke3 Kf7 24. Bd6 Rd7 25. Rxc6 Rb3+ 26. Ke2 Rb2+
27. Ke3 Rb3+ 28. Ke2 Rb2+ 29. Ke1 Rdb7 30. a6 Rb1+ 31. Rxb1 Rxb1+ 32. Kd2 Rb2+
33. Ke3 Bd7 34. Rc7 Ke6 35. Bf8 Ra2 36. Rxa7 Bb5 37. Re7+ Kd6 38. Rxh7+ Kc6 39.
a7 Kb6 40. Bd6 Ra4 41. Rf7 Bc6 42. f3 Ra2 43. g4 Be8 44. Rf8 Bc6 45. Bb8 Ra3+
46. Kf2 f5 47. gxf5 gxf5 48. Rxf5 Kb7 49. h4 Be8 50. h5 Ra6 51. Re5 Ba4 52. Kg3
Ka8 53. Kh4 Rf6 54. Rf5 Rc6 55. Kg5 Rc1 56. f4 Bc2 57. Rc5 Rg1+ 58. Kf5 Bb3 59.
Kf6 Rh1 60. Kg7 Rg1+ 61. Rg5 Rd1 62. h6 Rd7+ 63. Kg6 Bg8 64. f5 Re7 65. e5 Bh7+
66. Kf6 Rb7 67. Rg7 Rb6+ 68. e6 1-0

[Event "DVM U20w 2024"]
[Site "Sebnitz GER"]
[Date "2024.12.29"]
[Round "6"]
[White "Margaryan, Susanna"]
[Black "Baklan, Kira"]
[Result "1/2-1/2"]
[Termination "normal"]
[Board "1.3"]
[WhiteElo "1746"]
[BlackElo "1623"]
[WhiteTeam "Elmshorner SC 1896"]
[BlackTeam "SK Lehrte von 1919 e. V."]
[PlyCount "97"]
[WhiteFideId "16268210"]
[BlackFideId "34186514"]
[EventCountry "GER"]
[EventRounds "7"]
[EventType "team-swiss"]
[EventDate "2024.12.26"]

1. Nf3 Nf6 2. c4 e6 3. Nc3 d5 4. d4 Be7 5. e3 O-O 6. c5 c6 7. Bd3 a5 8. O-O
Nbd7 9. Na4 b6 10. cxb6 Nxb6 11. Ne5 Qc7 12. Nxb6 Qxb6 13. Qc2 c5 14. dxc5 Qxc5
15. Qe2 Bd6 16. Nf3 Bb7 17. Bd2 Qb6 18. Bc3 Nd7 19. Rac1 Qd8 20. Rfd1 a4 21. a3
Nc5 22. Bc2 Ba6 23. Qe1 Nb3 24. Bxb3 axb3 25. e4 Bc4 26. Nd2 Qe7 27. Nxc4 dxc4
28. Rxd6 Qxd6 29. Bb4 Qc7 30. Bxf8 Rxf8 31. Qc3 Rc8 32. h3 h6 33. a4 Qc6 34. a5
Qxe4 35. a6 Qa8 36. Ra1 Qa7 37. Qb4 Rc7 38. Qd6 Rd7 39. Qxd7 Qxd7 40. a7 c3 41.
a8=Q+ Kh7 42. bxc3 b2 43. Rb1 Qd2 44. Qa2 Qc1+ 45. Kh2 Qf4+ 46. Kg1 Qc1+ 47.
Kh2 Qf4+ 48. Kg1 Qc1+ 49. Kh2 1/2-1/2

[Event "DVM U20w 2024"]
[Site "Sebnitz GER"]
[Date "2024.12.29"]
[Round "6"]
[White "Thiele, Lea-Marie"]
[Black "Neitzel, Emma"]
[Result "1-0"]
[Termination "normal"]
[Board "1.4"]
[WhiteElo "1654"]
[BlackElo "1522"]
[WhiteTeam "SK Lehrte von 1919 e. V."]
[BlackTeam "Elmshorner SC 1896"]
[PlyCount "41"]
[WhiteFideId "16298616"]
[BlackFideId "16298373"]
[EventCountry "GER"]
[EventRounds "7"]
[EventType "team-swiss"]
[EventDate "2024.12.26"]

1. d4 d5 2. c4 e6 3. Nc3 Nf6 4. Bf4 c6 5. Nf3 Be7 6. e3 O-O 7. Be2 dxc4 8. Bxc4
b5 9. Bd3 Nd5 10. Bg3 Bb4 11. Qc2 Bxc3+ 12. bxc3 Nf6 13. Ng5 g6 14. h4 Nbd7 15.
Qe2 Qe7 16. h5 Qa3 17. Qc2 b4 18. cxb4 Qxb4+ 19. Ke2 Rb8 20. Bxb8 Qxb8 21. hxg6
1-0

[Event "DVM U20w 2024"]
[Site "Sebnitz GER"]
[Date "2024.12.29"]
[Round "6"]
[White "Klahold, Rona"]
[Black "Pikki, Daria"]
[Result "0-1"]
[Termination "normal"]
[Board "2.1"]
[WhiteElo "1791"]
[BlackElo "1807"]
[WhiteTeam "SC Porta Westfalica 1950"]
[BlackTeam "SV Königsjäger Süd-West"]
[PlyCount "66"]
[WhiteFideId "16222970"]
[BlackFideId "16281306"]
[EventCountry "GER"]
[EventRounds "7"]
[EventType "team-swiss"]
[EventDate "2024.12.26"]

1. e4 e5 2. Nf3 Nc6 3. Bc4 Bc5 4. c3 Nf6 5. d3 d6 6. Nbd2 a6 7. a4 Ba7 8. O-O
O-O 9. h3 h6 10. Re1 Nh5 11. Nxe5 Qh4 12. Nef3 Qxf2+ 13. Kh1 Bxh3 14. Rg1 Ng3+
15. Kh2 Ne2 16. d4 Qg3+ 17. Kh1 Nxg1 18. Qxg1 Be6 19. Bd3 Ne5 20. Bc2 Ng4 21.
Qe1 Qxe1+ 22. Nxe1 f5 23. Nef3 fxe4 24. Nxe4 Bd5 25. Kg1 Rae8 26. Nfd2 Rf4 27.
g3 Rfxe4 28. Nxe4 Bxe4 29. Bb3+ d5 30. Bf4 c6 31. Rf1 c5 32. Bd1 cxd4 33. Bxg4
dxc3+ 0-1

[Event "DVM U20w 2024"]
[Site "Sebnitz GER"]
[Date "2024.12.29"]
[Round "6"]
[White "Schmidt, Luise"]
[Black "Duchstein, Anna"]
[Result "1/2-1/2"]
[Termination "normal"]
[Board "2.2"]
[WhiteElo "1663"]
[BlackElo "1716"]
[WhiteTeam "SV Königsjäger Süd-West"]
[BlackTeam "SC Porta Westfalica 1950"]
[PlyCount "85"]
[WhiteFideId "16294475"]
[BlackFideId "16261372"]
[EventCountry "GER"]
[EventRounds "7"]
[EventType "team-swiss"]
[EventDate "2024.12.26"]

1. d4 Nf6 2. c4 g6 3. Nc3 Bg7 4. e4 d6 5. Nf3 O-O 6. Be2 e5 7. d5 Nh5 8. O-O f5
9. Ne1 Nf6 10. f3 f4 11. b4 h5 12. c5 h4 13. cxd6 cxd6 14. Ba3 h3 15. Rf2 Nh5
16. Qc2 Bf6 17. Bf1 Bh4 18. Rd2 Qb6+ 19. Kh1 Ng3+ 20. hxg3 h2 21. Ne2 fxg3 22.
Rc1 Bg5 23. Nd3 Bxd2 24. Qxd2 Kg7 25. Qg5 Bd7 26. Qxg3 Bb5 27. Rc3 Bxd3 28.
Rxd3 Nd7 29. Rc3 Rh8 30. Qg5 Nf6 31. Qe3 Raf8 32. Qxb6 axb6 33. Ng3 Rf7 34. b5
Rd7 35. Bb4 Ra8 36. a3 Rh8 37. Be2 Kf7 38. Nf1 Nh5 39. Bd3 Nf4 40. Nxh2 Nxd3
41. Rxd3 Rc7 42. Rd1 Ke7 43. Kg1 1/2-1/2

[Event "DVM U20w 2024"]
[Site "Sebnitz GER"]
[Date "2024.12.29"]
[Round "6"]
[White "Dieckmann, Luna"]
[Black "Haase, Maike"]
[Result "1/2-1/2"]
[Termination "normal"]
[Board "2.3"]
[WhiteElo "1584"]
[BlackElo "1649"]
[WhiteTeam "SC Porta Westfalica 1950"]
[BlackTeam "SV Königsjäger Süd-West"]
[PlyCount "48"]
[WhiteFideId "34607455"]
[BlackFideId "34619356"]
[EventCountry "GER"]
[EventRounds "7"]
[EventType "team-swiss"]
[EventDate "2024.12.26"]

1. d4 d5 2. Nf3 e6 3. e3 Nf6 4. Bd3 Bd6 5. O-O O-O 6. b3 Nbd7 7. Bb2 b6 8. Nbd2
Bb7 9. Rc1 Ne4 10. Ne5 f6 11. Nxd7 Qxd7 12. f3 Nxd2 13. Qxd2 Rad8 14. c4 c5 15.
cxd5 cxd4 16. dxe6 dxe3 17. Qe2 Bxh2+ 18. Kxh2 Qxd3 19. Qxd3 Rxd3 20. Rc7 Ba6
21. Re1 Re8 22. e7 Kf7 23. Ba3 e2 24. Rxe2 Rxb3 1/2-1/2

[Event "DVM U20w 2024"]
[Site "Sebnitz GER"]
[Date "2024.12.29"]
[Round "6"]
[White "Altuve Medina, Victoria Isabella"]
[Black "Dieckmann, Phibie"]
[Result "1-0"]
[Termination "normal"]
[Board "2.4"]
[WhiteElo "1554"]
[BlackElo "1068"]
[WhiteTeam "SV Königsjäger Süd-West"]
[BlackTeam "SC Porta Westfalica 1950"]
[PlyCount "101"]
[WhiteFideId "3935639"]
[BlackFideId "34607161"]
[EventCountry "GER"]
[EventRounds "7"]
[EventType "team-swiss"]
[EventDate "2024.12.26"]

1. e4 c5 2. c3 d5 3. exd5 Qxd5 4. d4 Nc6 5. Nf3 e6 6. Be3 cxd4 7. cxd4 Nf6 8.
Nc3 Qa5 9. a3 Be7 10. Bd3 O-O 11. O-O Bd7 12. Qc2 Rac8 13. Rac1 Rfd8 14. Qe2 a6
15. Rfd1 Nd5 16. Nxd5 Qxd5 17. Rc3 Bf6 18. h3 Ne7 19. Bc2 Nf5 20. Bxf5 Qxf5 21.
Rdc1 Rxc3 22. Rxc3 Bb5 23. Qc2 Qxc2 24. Rxc2 h6 25. Rc1 Bc6 26. Ne5 Ba4 27. Kf1
g5 28. g3 Bg7 29. Rc7 f6 30. Nf7 Bc6 31. Nxd8 e5 32. dxe5 fxe5 33. Nxb7 Bb5+
34. Ke1 e4 35. b3 Bf6 36. Nd6 Bd3 37. Nc4 h5 38. Rc6 Be7 39. Rxa6 Bc2 40. b4
Bd3 41. Rc6 Kf7 42. Ne5+ Kg7 43. Nxd3 exd3 44. Kd2 Kf8 45. Kxd3 Ke8 46. Bc5 Bd8
47. Kd4 Kd7 48. Kd5 Bc7 49. a4 Kc8 50. Bd6 Kb8 51. Bxc7+ 1-0

[Event "DVM U20w 2024"]
[Site "Sebnitz GER"]
[Date "2024.12.29"]
[Round "6"]
[White "Sickmann, Lisa"]
[Black "Chennupati, Lasya"]
[Result "1-0"]
[Termination "normal"]
[Board "3.1"]
[WhiteTitle "WFM"]
[WhiteElo "2251"]
[BlackElo "1596"]
[WhiteTeam "Lübecker SV 1873"]
[BlackTeam "SC Garching 1980 2"]
[PlyCount "61"]
[WhiteFideId "16267818"]
[BlackFideId "34646728"]
[EventCountry "GER"]
[EventRounds "7"]
[EventType "team-swiss"]
[EventDate "2024.12.26"]

1. e4 e5 2. Nf3 Nc6 3. Bb5 a6 4. Ba4 Nf6 5. d3 d6 6. c3 b5 7. Bc2 Ne7 8. a4 Bb7
9. O-O c5 10. Re1 Ng6 11. Nbd2 Be7 12. Nf1 O-O 13. Ng3 Re8 14. d4 c4 15. d5 Qd7
16. Nf5 Bd8 17. a5 Bc7 18. Bg5 Ng4 19. N3h4 h5 20. h3 Nxh4 21. Bxh4 Nh6 22.
Nxh6+ gxh6 23. Qxh5 Kg7 24. Re3 Rh8 25. Bd1 Bd8 26. Bg4 Qe8 27. Bxd8 Qxd8 28.
Rg3 Kf8 29. Rf3 Qe7 30. Be6 f6 31. Qg6 1-0

[Event "DVM U20w 2024"]
[Site "Sebnitz GER"]
[Date "2024.12.29"]
[Round "6"]
[White "Hofmeier, Viktoria"]
[Black "Hellenbroich, Helene"]
[Result "0-1"]
[Termination "normal"]
[Board "3.2"]
[WhiteElo "1587"]
[BlackElo "1644"]
[WhiteTeam "SC Garching 1980 2"]
[BlackTeam "Lübecker SV 1873"]
[PlyCount "48"]
[WhiteFideId "34639675"]
[BlackFideId "16270754"]
[EventCountry "GER"]
[EventRounds "7"]
[EventType "team-swiss"]
[EventDate "2024.12.26"]

1. e4 e6 2. d4 d5 3. exd5 exd5 4. Bd3 Bd6 5. Ne2 Nf6 6. Bg5 O-O 7. O-O c6 8. h3
Nbd7 9. c3 Qc7 10. Nd2 Re8 11. Qc2 b6 12. Rfe1 Bb7 13. Nf3 Ne4 14. Bh4 h6 15.
Bxe4 dxe4 16. Nd2 e3 17. fxe3 Rxe3 18. Nc4 Bh2+ 19. Kh1 Rxh3 20. Bf2 Rh5 21.
Qd3 c5 22. Ne3 Bf4+ 23. Kg1 Bxe3 24. g3 Rh1# 0-1

[Event "DVM U20w 2024"]
[Site "Sebnitz GER"]
[Date "2024.12.29"]
[Round "6"]
[White "Rosin, Ida"]
[Black "Muhina, Liana"]
[Result "1/2-1/2"]
[Termination "normal"]
[Board "3.3"]
[WhiteElo "1611"]
[BlackElo "1526"]
[WhiteTeam "Lübecker SV 1873"]
[BlackTeam "SC Garching 1980 2"]
[PlyCount "86"]
[WhiteFideId "16273214"]
[BlackFideId "16266145"]
[EventCountry "GER"]
[EventRounds "7"]
[EventType "team-swiss"]
[EventDate "2024.12.26"]

1. e4 d5 2. exd5 Qxd5 3. Nc3 Qa5 4. d4 Nf6 5. Bc4 c6 6. Bd2 Bg4 7. Nf3 e6 8. h3
Bh5 9. a3 Nbd7 10. O-O Qc7 11. Re1 Bd6 12. Bg5 O-O 13. Qd3 Bf4 14. h4 h6 15.
Bxf6 Nxf6 16. Ne5 Bxe5 17. dxe5 Nd5 18. f3 Rad8 19. g4 Qb6+ 20. Kh1 Qf2 21. Qe2
Qxh4+ 22. Qh2 Qxh2+ 23. Kxh2 Bg6 24. Nxd5 cxd5 25. Bd3 Bxd3 26. cxd3 Rc8 27.
Re2 Rc6 28. Rd1 Rfc8 29. Rdd2 Kh7 30. Kg3 g5 31. Rf2 Kg6 32. f4 gxf4+ 33. Rxf4
Rc2 34. Rff2 Rxd2 35. Rxd2 Kg5 36. Rf2 Rc7 37. Rf4 a6 38. a4 a5 39. Rf2 b6 40.
Re2 Rc5 41. Rf2 Rc7 42. Re2 Rc5 43. Rf2 Rc7 1/2-1/2

[Event "DVM U20w 2024"]
[Site "Sebnitz GER"]
[Date "2024.12.29"]
[Round "6"]
[White "Anaparthi, Aditi"]
[Black "Gossing, Marie-Sophie"]
[Result "0-1"]
[Termination "normal"]
[Board "3.4"]
[WhiteElo "1483"]
[BlackElo "1609"]
[WhiteTeam "SC Garching 1980 2"]
[BlackTeam "Lübecker SV 1873"]
[PlyCount "76"]
[WhiteFideId "34620389"]
[BlackFideId "16217284"]
[EventCountry "GER"]
[EventRounds "7"]
[EventType "team-swiss"]
[EventDate "2024.12.26"]

1. e4 e5 2. Nf3 Nf6 3. Nc3 Nc6 4. Bb5 Bb4 5. O-O O-O 6. d3 d6 7. Bg5 Be6 8. Ne2
Bg4 9. Bxc6 Bxf3 10. gxf3 bxc6 11. Ng3 h6 12. Be3 d5 13. c3 Bd6 14. Qa4 c5 15.
exd5 Nxd5 16. Nf5 Nf4 17. Bxf4 exf4 18. Nxd6 Qxd6 19. Rfe1 Qxd3 20. Qxf4 Qd6
21. Qg4 Qd2 22. Rab1 Rab8 23. Red1 Qe2 24. Re1 Qa6 25. a3 Rb6 26. Qf4 Rf6 27.
Qxc7 Rxf3 28. Qxc5 Rc8 29. Qh5 Qf6 30. Re2 Rc4 31. Rd1 Rh4 32. Qe5 Qg6+ 33. Kh1
Rfh3 34. f3 Rxf3 35. Rg1 Qf6 36. Rxg7+ Qxg7 37. Qe8+ Kh7 38. Re1 Rf2 0-1

[Event "DVM U20w 2024"]
[Site "Sebnitz GER"]
[Date "2024.12.29"]
[Round "6"]
[White "Othman, Beesan"]
[Black "Hafermann, Lara"]
[Result "1/2-1/2"]
[Termination "normal"]
[Board "4.1"]
[WhiteElo "1647"]
[BlackElo "1726"]
[WhiteTeam "SF Essen-Werden 1924/80"]
[BlackTeam "SC Borussia Lichtenberg"]
[PlyCount "59"]
[WhiteFideId "34640738"]
[BlackFideId "16298306"]
[EventCountry "GER"]
[EventRounds "7"]
[EventType "team-swiss"]
[EventDate "2024.12.26"]

1. e4 c5 2. Nf3 d6 3. d4 cxd4 4. Nxd4 Nf6 5. Nc3 a6 6. f3 e5 7. Nb3 Be7 8. Be3
Be6 9. Qd2 h5 10. O-O-O Nbd7 11. Be2 Rc8 12. Rdg1 Qc7 13. g4 hxg4 14. fxg4 b5
15. Bf3 b4 16. Nd5 Bxd5 17. exd5 e4 18. Bd1 a5 19. g5 Ng8 20. g6 Ngf6 21. gxf7+
Kxf7 22. Qg2 Rh7 23. Nd4 Qc4 24. Qg6+ Kg8 25. Nf5 Bf8 26. Nh6+ Kh8 27. Nf7+ Kg8
28. Nh6+ Kh8 29. Nf7+ Kg8 30. Nh6+ 1/2-1/2

[Event "DVM U20w 2024"]
[Site "Sebnitz GER"]
[Date "2024.12.29"]
[Round "6"]
[White "Hasselmann, Isabelle Sophia"]
[Black "Kanno, Clara Yumi"]
[Result "1-0"]
[Termination "normal"]
[Board "4.2"]
[WhiteElo "1606"]
[BlackElo "1689"]
[WhiteTeam "SC Borussia Lichtenberg"]
[BlackTeam "SF Essen-Werden 1924/80"]
[PlyCount "59"]
[WhiteFideId "16266951"]
[BlackFideId "16259661"]
[EventCountry "GER"]
[EventRounds "7"]
[EventType "team-swiss"]
[EventDate "2024.12.26"]

1. e4 e5 2. Bc4 Nf6 3. d4 exd4 4. Nf3 Bb4+ 5. Bd2 Bxd2+ 6. Nbxd2 Nc6 7. Nb3
Nxe4 8. Nbxd4 O-O 9. O-O Nxd4 10. Qxd4 Nf6 11. Qh4 d5 12. Bd3 Re8 13. Rfe1 Be6
14. Ng5 h6 15. Nxe6 Rxe6 16. Rxe6 fxe6 17. Re1 Qd6 18. Re3 Rf8 19. Rg3 Kh8 20.
Rg6 Qd7 21. g4 e5 22. Bf5 Qf7 23. g5 Ng8 24. gxh6 Nxh6 25. Rxh6+ gxh6 26. Qxh6+
Kg8 27. Be6 Re8 28. Qg6+ Kh8 29. Bxf7 Re7 30. Qh6# 1-0

[Event "DVM U20w 2024"]
[Site "Sebnitz GER"]
[Date "2024.12.29"]
[Round "6"]
[White "Claussen, Daniela"]
[Black "Kessen, Fanny"]
[Result "1/2-1/2"]
[Termination "normal"]
[Board "4.3"]
[WhiteElo "1470"]
[BlackElo "1663"]
[WhiteTeam "SF Essen-Werden 1924/80"]
[BlackTeam "SC Borussia Lichtenberg"]
[PlyCount "69"]
[WhiteFideId "16248929"]
[BlackFideId "16217357"]
[EventCountry "GER"]
[EventRounds "7"]
[EventType "team-swiss"]
[EventDate "2024.12.26"]

1. b3 e5 2. e3 Nc6 3. Bb2 Nf6 4. Bb5 e4 5. f3 a6 6. Bxc6 dxc6 7. fxe4 Nxe4 8.
Nf3 Bg4 9. O-O Ng5 10. d3 Nxf3+ 11. gxf3 Bh3 12. Rf2 Qg5+ 13. Kh1 O-O-O 14. f4
Qd5+ 15. Qf3 Qxf3+ 16. Rxf3 Bg4 17. Rg3 Bd1 18. Bxg7 Bxg7 19. Rxg7 Bf3+ 20. Kg1
Rhg8 21. Rxg8 Rxg8+ 22. Kf2 Bh1 23. Nd2 Rg2+ 24. Ke1 Rxh2 25. Rc1 h5 26. Nf1
Rg2 27. e4 h4 28. Ne3 Rg1+ 29. Kd2 Rxc1 30. Kxc1 h3 31. Ng4 Kd7 32. Nh2 Ke6 33.
Kd2 c5 34. Ke3 Bg2 35. c3 1/2-1/2

[Event "DVM U20w 2024"]
[Site "Sebnitz GER"]
[Date "2024.12.29"]
[Round "6"]
[White "Mai, Mariella"]
[Black "Adelhardt, Lisa"]
[Result "1/2-1/2"]
[Termination "normal"]
[Board "5.1"]
[WhiteElo "1783"]
[BlackElo "1807"]
[WhiteTeam "SC Leipzig-Lindenau"]
[BlackTeam "SC Garching 1980"]
[PlyCount "41"]
[WhiteFideId "16281780"]
[BlackFideId "16235380"]
[EventCountry "GER"]
[EventRounds "7"]
[EventType "team-swiss"]
[EventDate "2024.12.26"]

1. Nf3 Nf6 2. b3 e6 3. e3 c5 4. Bb2 b6 5. Be2 Bb7 6. d3 Be7 7. Nbd2 Nc6 8. c4
O-O 9. O-O d5 10. d4 cxd4 11. Nxd4 Rc8 12. Rc1 Bd6 13. N2f3 Re8 14. Nxc6 Bxc6
15. Nd4 Bb7 16. Bf3 Bb8 17. Ne2 e5 18. Ng3 e4 19. Be2 Re6 20. cxd5 Rxc1 21.
Qxc1 1/2-1/2

[Event "DVM U20w 2024"]
[Site "Sebnitz GER"]
[Date "2024.12.29"]
[Round "6"]
[White "Frowein, Jamie"]
[Black "Niesch, Sarah"]
[Result "1-0"]
[Termination "normal"]
[Board "5.2"]
[WhiteElo "1739"]
[BlackElo "1406"]
[WhiteTeam "SC Garching 1980"]
[BlackTeam "SC Leipzig-Lindenau"]
[PlyCount "119"]
[WhiteFideId "16282949"]
[BlackFideId "16211294"]
[EventCountry "GER"]
[EventRounds "7"]
[EventType "team-swiss"]
[EventDate "2024.12.26"]

1. c4 e5 2. Nc3 Nf6 3. Nf3 Nc6 4. e3 d5 5. cxd5 Nxd5 6. Bb5 Nxc3 7. bxc3 Bd6 8.
d4 exd4 9. cxd4 O-O 10. O-O Bd7 11. Bb2 Be7 12. a3 a6 13. Bd3 Bf6 14. Qc2 g6
15. Nd2 Ne7 16. Ne4 Bg7 17. Nc5 Bc6 18. Be4 Rb8 19. Rab1 Nd5 20. Nxa6 Bb5 21.
Nxb8 Bxf1 22. Rxf1 Qd6 23. Bxd5 Rxb8 24. Qc4 Qe7 25. Rc1 c6 26. Bf3 Qc7 27. Qb3
Qa5 28. Bxc6 Qd2 29. Bd5 b5 30. Bxf7+ Kh8 31. Qc3 Qe2 32. Ba1 Qg4 33. h3 Qf5
34. Bb3 h6 35. Qc5 Qd3 36. Qc2 Qxc2 37. Rxc2 Ra8 38. Bb2 h5 39. d5 Bxb2 40.
Rxb2 Rxa3 41. d6 Ra8 42. d7 Kg7 43. Bd5 Ra1+ 44. Kh2 Rd1 45. d8=Q Rxd5 46. Qxd5
Kf6 47. Rxb5 Kg7 48. Qxh5 gxh5 49. Rxh5 Kf6 50. g4 Kg7 51. Kg3 Kg6 52. Kf4 Kf6
53. Rh6+ Kg7 54. Kg5 Kf7 55. Ra6 Ke7 56. h4 Kd7 57. h5 Ke7 58. h6 Kf7 59. Kf5
Kg8 60. Ra8+ 1-0

[Event "DVM U20w 2024"]
[Site "Sebnitz GER"]
[Date "2024.12.29"]
[Round "6"]
[White "Ivanov, Helena"]
[Black "Schmitt, Amelie"]
[Result "0-1"]
[Termination "normal"]
[Board "5.3"]
[WhiteElo "1089"]
[BlackElo "1640"]
[WhiteTeam "SC Leipzig-Lindenau"]
[BlackTeam "SC Garching 1980"]
[PlyCount "98"]
[WhiteFideId "34693378"]
[BlackFideId "34682481"]
[EventCountry "GER"]
[EventRounds "7"]
[EventType "team-swiss"]
[EventDate "2024.12.26"]

1. d4 d5 2. c4 c6 3. Nf3 Nf6 4. Nc3 a6 5. Bg5 dxc4 6. e4 b5 7. e5 Nd5 8. Be2 h6
9. Bh4 Qa5 10. Qd2 e6 11. Nxd5 Qxd2+ 12. Nxd2 exd5 13. a3 Bf5 14. O-O g5 15.
Bg3 Be7 16. Bh5 O-O 17. Rfe1 c5 18. dxc5 Bxc5 19. Rac1 Nc6 20. Nf3 d4 21. b4
Ba7 22. h3 d3 23. Bg4 Be6 24. Bxe6 fxe6 25. Nd2 Nd4 26. Ne4 Ne2+ 27. Kh1 Nxc1
28. Rxc1 Rfd8 29. f4 Be3 30. Rd1 gxf4 31. Bh4 Rd4 32. Nf6+ Kh8 33. Ng4 c3 34.
Nxh6 c2 35. Rf1 c1=Q 36. Rxc1 Bxc1 37. Bf6+ Kh7 38. Nf7 d2 39. Ng5+ Kg8 40. Nf3
d1=Q+ 41. Kh2 Be3 42. h4 Rc8 43. Kh3 Qh1+ 44. Kg4 Qxg2+ 45. Kh5 Qxf3+ 46. Kg5
Qg3+ 47. Kh5 Rc7 48. Bg7 Rxg7 49. a4 Qg6# 0-1

[Event "DVM U20w 2024"]
[Site "Sebnitz GER"]
[Date "2024.12.29"]
[Round "6"]
[White "Muhina, Alina"]
[Black "Richter, Mila"]
[Result "1-0"]
[Termination "normal"]
[Board "5.4"]
[WhiteElo "1585"]
[BlackElo "1031"]
[WhiteTeam "SC Garching 1980"]
[BlackTeam "SC Leipzig-Lindenau"]
[PlyCount "57"]
[WhiteFideId "16298322"]
[EventCountry "GER"]
[EventRounds "7"]
[EventType "team-swiss"]
[EventDate "2024.12.26"]

1. e4 e5 2. Nf3 d6 3. d4 exd4 4. Nxd4 Nf6 5. Nc3 g6 6. Bg5 Bg7 7. Qd2 h6 8. Bh4
g5 9. Bg3 Qe7 10. O-O-O O-O 11. Bd3 Re8 12. f4 Nh5 13. Nf5 Qf6 14. Nxg7 Qxg7
15. Nd5 f6 16. Bc4 Kh8 17. Qe2 Nxf4 18. Nxf4 gxf4 19. Bxf4 Bg4 20. Qf2 Bxd1 21.
Rxd1 Rxe4 22. Bd3 Re8 23. Qh4 Kg8 24. Bc4+ Kh7 25. Bd3+ Kg8 26. Qh5 Re7 27.
Bxh6 Re5 28. Bc4+ Kh7 29. Bg5+ 1-0

[Event "DVM U20w 2024"]
[Site "Sebnitz GER"]
[Date "2024.12.30"]
[Round "7"]
[White "Stelter, Finja"]
[Black "Pikki, Daria"]
[Result "0-1"]
[Termination "normal"]
[Board "1.1"]
[WhiteElo "1711"]
[BlackElo "1807"]
[WhiteTeam "SK Lehrte von 1919 e. V."]
[BlackTeam "SV Königsjäger Süd-West"]
[PlyCount "62"]
[WhiteFideId "16298624"]
[BlackFideId "16281306"]
[EventCountry "GER"]
[EventRounds "7"]
[EventType "team-swiss"]
[EventDate "2024.12.26"]

1. e4 e5 2. Nf3 Nc6 3. d4 exd4 4. Nxd4 Qf6 5. Be3 Bc5 6. c3 Qg6 7. Nd2 Nf6 8.
Nb5 Bxe3 9. fxe3 Kd8 10. Qf3 Re8 11. O-O-O d6 12. h3 Nxe4 13. Nxe4 Qxe4 14.
Qxf7 Qxe3+ 15. Kb1 Qe7 16. Qh5 g6 17. Qh6 Bf5+ 18. Ka1 a6 19. Na3 Kd7 20. Bd3
Bxd3 21. Rxd3 Rad8 22. Nc2 Kc8 23. Re3 Qd7 24. Rf1 Rxe3 25. Qxe3 Re8 26. Qf2
Ne5 27. Nb4 Qb5 28. Rd1 a5 29. Rd5 c5 30. Rxd6 axb4 31. cxb4 Nd3 0-1

[Event "DVM U20w 2024"]
[Site "Sebnitz GER"]
[Date "2024.12.30"]
[Round "7"]
[White "Schmidt, Luise"]
[Black "Zöllner, Bente"]
[Result "0-1"]
[Termination "normal"]
[Board "1.2"]
[WhiteElo "1663"]
[BlackElo "1805"]
[WhiteTeam "SV Königsjäger Süd-West"]
[BlackTeam "SK Lehrte von 1919 e. V."]
[PlyCount "48"]
[WhiteFideId "16294475"]
[BlackFideId "16230523"]
[EventCountry "GER"]
[EventRounds "7"]
[EventType "team-swiss"]
[EventDate "2024.12.26"]

1. d4 Nf6 2. c4 c5 3. d5 b5 4. cxb5 a6 5. Nc3 axb5 6. Nxb5 Qa5+ 7. Nc3 g6 8.
Bd2 Bg7 9. Qc2 d6 10. e4 Ba6 11. a4 Bxf1 12. Kxf1 O-O 13. Nb5 Qb6 14. Nf3 Na6
15. Bc3 Rfb8 16. Nd2 Nc7 17. Nc4 Qa6 18. Ke2 Nxb5 19. axb5 Qxb5 20. Qd3 Nd7 21.
Na5 Bxc3 22. bxc3 Rxa5 23. Rxa5 Qxa5 24. c4 Qa2+ 0-1

[Event "DVM U20w 2024"]
[Site "Sebnitz GER"]
[Date "2024.12.30"]
[Round "7"]
[White "Baklan, Kira"]
[Black "Haase, Maike"]
[Result "0-1"]
[Termination "normal"]
[Board "1.3"]
[WhiteElo "1623"]
[BlackElo "1649"]
[WhiteTeam "SK Lehrte von 1919 e. V."]
[BlackTeam "SV Königsjäger Süd-West"]
[PlyCount "152"]
[WhiteFideId "34186514"]
[BlackFideId "34619356"]
[EventCountry "GER"]
[EventRounds "7"]
[EventType "team-swiss"]
[EventDate "2024.12.26"]

1. e4 c5 2. Nf3 Nc6 3. c3 d5 4. exd5 Qxd5 5. d4 e6 6. Be3 cxd4 7. cxd4 Bb4+ 8.
Bd2 Bxd2+ 9. Qxd2 Nf6 10. Nc3 Qd6 11. Be2 O-O 12. O-O b6 13. Rac1 Bb7 14. Rfd1
Rfd8 15. h3 Rac8 16. Bd3 a6 17. Bb1 Nb4 18. Ne5 Nbd5 19. Ne4 Nxe4 20. Bxe4 h6
21. Rxc8 Rxc8 22. Bb1 Nf6 23. f3 Rd8 24. Qc2 Rc8 25. Qd3 Rd8 26. Ng4 Nxg4 27.
Qh7+ Kf8 28. hxg4 Bxf3 29. Rf1 Qxd4+ 30. Kh1 Bxg4 31. Bg6 Bf5 32. Bxf5 exf5 33.
Qxf5 Qd5 34. Qf4 Rd6 35. Rc1 Qh5+ 36. Kg1 Rd1+ 37. Rxd1 Qxd1+ 38. Kh2 Qd8 39.
Qc4 Qd6+ 40. Kh1 Qd1+ 41. Kh2 Qh5+ 42. Kg3 Qe5+ 43. Kf3 Qf6+ 44. Kg3 Qxb2 45.
Qc8+ Ke7 46. Qc7+ Kf6 47. Qd6+ Kg5 48. Qf4+ Kg6 49. Qe4+ Kf6 50. Qf4+ Ke6 51.
Qc4+ Ke7 52. Qc7+ Ke6 53. Qc6+ Kf5 54. Qf3+ Kg6 55. Qe4+ f5 56. Qe6+ Qf6 57.
Qe8+ Kh7 58. Qc8 Qe5+ 59. Kf3 Qd5+ 60. Kg3 Qd3+ 61. Kh2 a5 62. Qe6 b5 63. Qe5
a4 64. Qc5 Qb1 65. Qd5 b4 66. Qc4 b3 67. axb3 axb3 68. Qc3 Qc2 69. Qa1 b2 70.
Qxb2 Qxb2 71. Kg1 g5 72. Kf1 Kg6 73. Kg1 Kh5 74. Kf1 Kg4 75. Kg1 Kg3 76. Kh1
Qxg2# 0-1